| 000 | 00447nam a2200181Ia 4500 | ||
|---|---|---|---|
| 001 | 16231 | ||
| 005 | 20260306170254.0 | ||
| 008 | 260306t2012||||xx |||||||||||||| ||und|| | ||
| 041 | _aESP | ||
| 082 |
_a347.51 _bB182 |
||
| 100 |
_aBudi Hurtado, Rafael _eAUT |
||
| 245 | 0 | _aDerecho de sociedades y de crisis empresariales | |
| 260 | _c2012 | ||
| 300 |
_a390 páginas : _c23 cm. |
||
| 650 | _aGEN | ||
| 654 | _aCDE | ||
| 942 |
_cLIB _dJUS _fJUS _2ddc _n |
||
| 999 |
_c16231 _d16231 |
||